Almacenamiento, recolección y disposición final de basuras en la ciudad de Alajuela y sus alrededores

שמור ב:
מידע ביבליוגרפי
מחבר ראשי: Bresciani Quirós, Carlos José
פורמט: לא ידוע
יצא לאור: [San José, Costa Rica] 1981
נושאים:
תגים: הוספת תג
אין תגיות, היה/י הראשונ/ה לתייג את הרשומה!

MARC

LEADER 00000 a2200000 4500
003 008668
005 20221231143743.0
008 140114s1981 cr a m 000 ||s d
040 |c cru CEDI 
090 |a TFG 1036 
100 |a Bresciani Quirós, Carlos José  |9 15896 
245 |a Almacenamiento, recolección y disposición final de basuras en la ciudad de Alajuela y sus alrededores 
260 |c 1981  |a [San José, Costa Rica] 
300 |a  [138] hojas : ilustraciones (algunas plegables) ; 28 cm  
500 |a  Proyecto de graduación (ingeniero civil)-- Universidad de Costa Rica.  
650 |x  RECOLECCION DE BASURAS - ALAJUELA (COSTA RICA)  |x BASURAS Y APROVECHAMIENTO DE BASURAS   |9 15897 
942 |c TFG 
999 |c 11296  |d 11296